000 00496nam a2200229Ia 4500
003 IT-RoPAU
008 120407s9999 xx 000 0 und d
040 _aIT-RoPAU
040 _cIT-RoPAU
041 _aita
100 _aPierre Mesnard
245 _aCartesio. La vita, il pensiero, i testi esemplari.
250 _aMilano
260 _aAccademia
260 _c1972
300 _a253 p.
300 _c19 cm
490 _aI Memorabili
490 _v1
942 _cBK
999 _c30483
_d30483